000 01138nam a2200205 a 4500
005 20200104041604.0
008 140128b2006 ck ||||| |||| 00| 0 spa d
040 _aCO-BoIAVH
_cCO-BoIAVH
041 0 _aspa
_aeng
044 _ack
082 0 4 _a333.950285
_bT14i
111 2 _aTaller Iberoamericano para el Intercambio de Información sobre Biodiversidad con énfasis en Colecciones Biológicas
_cBogotá
_ddiciembre 3-6, 2006
245 1 0 _aTaller iberoamericano para el intercambio de información sobre biodiversidad con énfasis en colecciones biológicas
_bgarantizando la interoperabilidad
260 _aBogotá :
_bCYTED :
_bIABIN :
_bInstituto de Investigación de Recursos Biológicos Alexander von Humboldt :
_bSIB :
_bGBIF :
_bMACN,
_c2006.
300 _a55 páginas :
_bilustraciones ;
_c22 x 23 cm.
650 2 6 _aBiodiversidad
_xSistemas de Información
_vCongresos, conferencias, etc.
650 2 6 _aTecnologías para la información y la comunicación (TIC)
_vCongresos, conferencias, etc.
710 2 _aInstituto de Investigación de Recursos Biológicos Alexander von Humboldt
942 _cLIBRO
_2ddc
999 _c5915
_d5915